Datum a čas kvízu
35
Celkem bodů
Celkový počet nahraných bodů na tomto kvízu bez doplňovacích otázek.
4.
Pořadí na kvízu
Konečné umístění týmu na tomto kvízu.
Zaznamenané odpovědi
| # | Otázka | Odpověď | Body | Výsledky |
|---|---|---|---|---|
| 1. | Prezident Petr Pavel při návšt... | v Chile | 1 | |
| 2. | Zsolt Hegedűs zboural minulé p... | B) zdravotnictví | 1 | |
| 3. | V sobotu se v pražském Stavov... | Mariborská | 1 | |
| 4. | Minulý týden oznámil jistý dis... | Lidl | 0 | |
| 5. | Kteří dva trenéři, již v této... | Zdeněk Moták, Pavel Gross | 1 | |
| 6. | Vítězné téma FB hlasování zahá... | Luděk Marold, bitva u Lipan | 1 | |
| 7. | Přiřaďte jednotlivá města k je... | 1B 2D 3A 4C | 1 | |
| 8. | „Co až budeme nahoře, to teprv... | Homolka a tobolka; Marie Motlová | 0.5 | |
| 9. | Panorama je služba webové strá... | Dlouhé stráně | 1 | |
| 10. | Na závěr si dáme noční pohled... | Istanbul | 0 |